Detalles MARC
| 000 -CABECERA |
| campo de control de longitud fija |
01460nam a2200325Ia 4500 |
| 001 - NÚMERO DE CONTROL |
| campo de control |
114466 |
| 003 - IDENTIFICADOR DEL NÚMERO DE CONTROL |
| campo de control |
DR-UNIBE |
| 005 - FECHA Y HORA DE LA ÚLTIMA TRANSACCIÓN |
| campo de control |
20260316141629.0 |
| 008 - DATOS DE LONGITUD FIJA--INFORMACIÓN GENERAL |
| campo de control de longitud fija |
260316b2023 dr ||||| |||| 00| 0 spa d |
| 020 ## - NÚMERO INTERNACIONAL ESTÁNDAR DEL LIBRO |
| Número Internacional Estándar del Libro |
9789945629613 |
| 040 ## - FUENTE DE LA CATALOGACIÓN |
| Centro catalogador/agencia de origen |
BIBLIOTECA UNIBE |
| Centro/agencia transcriptor |
BIBLIOTECA UNIBE |
| Normas de descripción |
rda |
| 082 0# - NÚMERO DE LA CLASIFICACIÓN DECIMAL DEWEY |
| Número de clasificación |
RD 330.97293 B213n 2025 |
| 110 2# - ENTRADA PRINCIPAL--NOMBRE DE ENTIDAD CORPORATIVA |
| Nombre de entidad corporativa o nombre de jurisdicción como elemento de entrada |
Banco Central de la República Dominicana |
| 9 (RLIN) |
18978 |
| Término indicativo de función/relación |
autor |
| 245 10 - MENCIÓN DE TÍTULO |
| Título |
Nueva literatura económica dominicana : |
| Resto del título |
premios del Concurso de Economía Biblioteca "Juan Pablo Duarte" 2024 |
| 260 4# - PUBLICACIÓN, DISTRIBUCIÓN, ETC. |
| Lugar de publicación, distribución, etc. |
Santo Domingo : |
| Nombre del editor, distribuidor, etc. |
Banco Central de la República Dominicana, |
| Fecha de publicación, distribución, etc. |
2025 |
| 300 4# - DESCRIPCIÓN FÍSICA |
| Extensión |
424 páginas : |
| Otras características físicas |
ilustraciones |
| 490 ## - MENCIÓN DE SERIE |
| Mención de serie |
Colección del Banco Central de la República Dominicana ; |
| Designación de volumen o secuencia |
334 |
| 490 ## - MENCIÓN DE SERIE |
| Mención de serie |
Serie nueva literatura económica ; |
| Designación de volumen o secuencia |
29 |
| 650 #7 - PUNTO DE ACCESO ADICIONAL DE MATERIA--TÉRMINO DE MATERIA |
| Fuente del encabezamiento o término |
lemb |
| Término de materia o nombre geográfico como elemento de entrada |
Sistema de pagos |
| Subdivisión geográfica |
República Dominicana |
| 9 (RLIN) |
203315 |
| 650 #7 - PUNTO DE ACCESO ADICIONAL DE MATERIA--TÉRMINO DE MATERIA |
| Fuente del encabezamiento o término |
lemb |
| Término de materia o nombre geográfico como elemento de entrada |
Inflación |
| Subdivisión geográfica |
República Dominicana |
| 9 (RLIN) |
4667 |
| 650 #7 - PUNTO DE ACCESO ADICIONAL DE MATERIA--TÉRMINO DE MATERIA |
| Fuente del encabezamiento o término |
lemb |
| Término de materia o nombre geográfico como elemento de entrada |
Migración rural |
| Subdivisión geográfica |
República Dominicana |
| 9 (RLIN) |
203316 |
| 650 #7 - PUNTO DE ACCESO ADICIONAL DE MATERIA--TÉRMINO DE MATERIA |
| Fuente del encabezamiento o término |
lemb |
| Término de materia o nombre geográfico como elemento de entrada |
Educación secundario |
| Subdivisión general |
Enseñanza a distancia |
| Subdivisión geográfica |
República Dominicana |
| 9 (RLIN) |
203317 |
| 650 #7 - PUNTO DE ACCESO ADICIONAL DE MATERIA--TÉRMINO DE MATERIA |
| Fuente del encabezamiento o término |
lemb |
| Término de materia o nombre geográfico como elemento de entrada |
Política fiscal |
| Subdivisión geográfica |
República Dominicana |
| 9 (RLIN) |
2700 |
| 650 #7 - PUNTO DE ACCESO ADICIONAL DE MATERIA--TÉRMINO DE MATERIA |
| Fuente del encabezamiento o término |
lemb |
| Término de materia o nombre geográfico como elemento de entrada |
Turismo |
| Subdivisión geográfica |
República Dominicana |
| 9 (RLIN) |
153 |
| 650 #7 - PUNTO DE ACCESO ADICIONAL DE MATERIA--TÉRMINO DE MATERIA |
| Fuente del encabezamiento o término |
lemb |
| Término de materia o nombre geográfico como elemento de entrada |
Producto interno bruto |
| Subdivisión geográfica |
República Dominicana |
| 9 (RLIN) |
203318 |
| 951 ## - EQUIVALENCIA O REFERENCIA-CRUZADA--NOMBRE GEOGRÁFICO/NOMBRE DE ÁREA [OBSOLETO] [solamente CAN/MARC] |
| Nombre geográfico |
20061022 10:18:00 |
| 700 ## - PUNTO DE ACCESO ADICIONAL--NOMBRE DE PERSONA |
| Nombre de persona |
Alcántara Almánzar, José, |
| Fechas asociadas al nombre |
1946- |
| Término indicativo de función/relación |
editor |
| 9 (RLIN) |
4696 |
| 700 ## - PUNTO DE ACCESO ADICIONAL--NOMBRE DE PERSONA |
| Nombre de persona |
Soto, Elvis Francis, |
| Término indicativo de función/relación |
editor |
| 9 (RLIN) |
55403 |
| 942 ## - ELEMENTOS DE PUNTO DE ACCESO ADICIONAL (KOHA) |
| Tipo de ítem Koha |
Libro (general) |
| Fuente del sistema de clasificación o colocación |
Sistema de Clasificación Decimal Dewey |